[Event "Campo Grande Brasil op"]
[Site "Campo Grande"]
[Date "2015.10.11"]
[Round "5"]
[White "Diniz, Debora Lais de And"]
[Black "Yamashita Toma Gundim, Rafael Toshio"]
[Result "1-0"]
[WhiteElo "1586"]
[BlackElo "1800"]
[PlyCount "53"]
[EventDate "2015.10.09"]
[EventType "swiss"]
[EventRounds "7"]
[EventCountry "BRA"]
[SourceTitle "CBM 168 Extra"]
[Source "ChessBase"]
[SourceDate "2015.10.29"]
[SourceVersion "1"]
[SourceVersionDate "2015.10.29"]
[SourceQuality "1"]

1. Nf3 d5 2. g3 g6 3. Bg2 Bg7 4. 0-0 Nf6 5. Nc3 c6 6. d4 0-0 7. Re1 Bg4 8. Bf4 Nbd7 9. Qd2 Bxf3 10. Bxf3 Ne4 11. Nxe4 dxe4 12. Bxe4 c5 13. Bxb7 Rb8 14. Bxb8 Qxb8 15. Bc6 Nb6 16. dxc5 Nc4 17. Qc1 Bxb2 18. Rb1 Rc8 19. Qf4 Qb4 20. Bd5 Nd2 21. Qxb4 Bc3 22. Qxc3 Nxb1 23. Rxb1 e6 24. Bb7 Rc7 25. Ba6 h5 26. Rb8+ Kh7 27. Rh8# 1-0

[Event "Campo Grande Brasil op"]
[Site "Campo Grande"]
[Date "2015.10.09"]
[Round "1"]
[White "Yamashita Toma Gundim, Rafael Toshio"]
[Black "Serafim Junior, Arnor"]
[Result "0-1"]
[WhiteElo "1800"]
[BlackElo "1849"]
[PlyCount "84"]
[EventDate "2015.10.09"]
[EventType "swiss"]
[EventRounds "7"]
[EventCountry "BRA"]
[SourceTitle "CBM 168 Extra"]
[Source "ChessBase"]
[SourceDate "2015.10.29"]
[SourceVersion "1"]
[SourceVersionDate "2015.10.29"]
[SourceQuality "1"]

1. d4 Nf6 2. Nf3 e6 3. e3 b6 4. Bc4 Bb7 5. 0-0 Be7 6. b3 0-0 7. Bb2 d6 8. Nc3 Nbd7 9. Ng5 Nd5 10. Bxd5 Bxd5 11. Nxd5 Bxg5 12. Nc3 f5 13. f4 Be7 14. d5 e5 15. fxe5 Nxe5 16. e4 f4 17. Ne2 g5 18. Bxe5 dxe5 19. Nc3 Qe8 20. Nb5 Qxb5 21. Qd3 Qxd3 22. cxd3 c6 23. dxc6 Rac8 24. Rac1 Rf6 25. c7 Bc5+ 26. Kh1 Rxc7 27. Rfd1 Rfc6 28. Rc4 b5 29. Rc2 Be3 30. Rxc6 Rxc6 31. a4 b4 32. Ra1 Rc3 33. d4 exd4 34. a5 d3 35. e5 d2 36. Rf1 Rc1 37. h3 Rxf1+ 38. Kh2 h5 39. e6 g4 40. h4 Bg1+ 41. Kh1 g3 42. e7 Bh2# 0-1